| 000 | 02406nam0a2200397 4500 | ||
|---|---|---|---|
| 001 | RU\NLR\bibl\868798 | ||
| 005 | 20250614161323.0 | ||
| 010 |
_a5-8037-0256-0 _bв обл. |
||
| 021 |
_aRU _b2005-40557 _92016 |
||
| 035 | _a(nilc)RSL-KNO-002678135 | ||
| 035 | _a(NLR Aleph) 000857431 | ||
| 090 |
_a1518500 _c1518500 |
||
| 100 | _a20050622d2005 |||y0rusy50 ca | ||
| 101 | 0 |
_arus _aeng |
|
| 102 | _aRU | ||
| 105 | _aa ||||||||| | ||
| 106 | _ar | ||
| 200 | 1 |
_aНефтегорское землетрясение 27(28) мая 1995 года на Сахалине _dThe may 27(28), 1995 Neftegorsk earthquake on Sakhalin island _e[фотоальбом] _fМ. И. Стрельцов _gпод ред. А. И. Иващенко [и др.] _gРос. акад. наук, Ин-т мор. геологии и геофизики ДВО РАН, Геол. ин-т РАН _zeng |
|
| 210 |
_aМосква _cЯнус-К _d2005 _gООО Информ-Софт |
||
| 215 |
_a177, [2] с., [1] л. ил. _cил., цв. ил. _d29 |
||
| 300 | _aНа обл. авт. не указан | ||
| 300 | _aТекст парал. на рус. и англ. | ||
| 510 | 1 |
_6z17790 _aThe may 27(28), 1995 Neftegorsk earthquake on Sakhalin island _zeng |
|
| 606 | 1 |
_aНефтегорское землетрясение _jФотоальбомы _91714368 _3RU\NLR\auth\66764419 |
|
| 610 | 0 | _aНауки о Земле (геодезические, геофизические, геологические и географические науки) -- Геофизические науки -- Физика Земли -- Сейсмология | |
| 610 | 0 | _aНауки о Земле (геодезические, геофизические, геологические и географические науки) -- Региональный раздел наук о Земле -- Российская Федерация -- Сахалин, остров -- Геофизическая характеристика -- Сейсмология | |
| 686 |
_aД217,0 _2rubbk |
||
| 686 |
_aД9(2Р55-4Сах,993)217,0 _2rubbk |
||
| 686 | _aД217.9(2Р55-4Сах,993)я61 | ||
| 700 | 1 |
_aСтрельцов _bМ. И. _gМихаил Иванович _4070 |
|
| 790 | 1 |
_6z17510 _aStrel'cov _bM. I. _gMixail Ivanovic _4070 |
|
| 801 | 0 |
_aRU _bRuMoRKP _c20050622 _grcr |
|
| 801 | 1 |
_aRU _bRuMoRGB _c20050622 |
|
| 801 | 2 |
_aRU _bNLR _c20051109 _grcr |
|
| 942 | _cBOOK | ||
| 980 | _aNB | ||